London Landmarks (harder) Quiz Stats

 Plays Quiz not verified by Sporcle

Challenge
Share
Tweet
Score 0/24 Timer 08:00
1 Play Today
Picture Landmark % Correct
15Cutty Sark
72%
17Tate Modern
68.4%
7Covent Garden market
68.2%
24HMS Belfast
66.1%
5Downing Street gates
64.9%
10St Pancras railway station
56.7%
1City Hall
54.5%
2Albert Memorial
46.9%
19Royal Observatory Greenwich
44.2%
3Kensington Palace
43.5%
4Selfridges department store
41.4%
11London IMAX Cinema
40.1%
Picture Landmark % Correct
14British Library
39.2%
23Ritz Hotel London
35.5%
13Crystal Palace transmitter station
35.1%
18The Bank of England
33.4%
16Lloyd's Building
31.6%
6Alexandra Palace
28.1%
22Albert Bridge
25.2%
20Diana Princess of Wales memorial fountain
24.4%
21Smithfield market
23.7%
12Lambeth Palace
20.4%
9University College London
11.4%
8Apsley House
10.9%

You're not logged in!

Compare scores with friends on all Sporcle quizzes.
Join for Free
OR
Log In

You Might Also Like...

Show Comments

Extras

Top Quizzes Today


Score Distribution

Your Account Isn't Verified!

In order to create a playlist on Sporcle, you need to verify the email address you used during registration. Go to your Sporcle Settings to finish the process.

Report this User

Report this user for behavior that violates our Community Guidelines.

Details: